1625 1239 1257 1134 1532 1983 1191 1725 1586 1103 1524 1812 1622 1124 1304 1009 1574 1726 1329 1083 1623 1832 1914 2000 1241 1243 1228 1098 1969 1378 1811 1201 1636 1216 1787 1827 1366 1223 1214 1779 1326 1221 1076 1405 1543 1318 1171 1739 1446 1773 1255 1642 1256 1901 1089 1928 1702 1971 1468 1824 1159 1365 1662 1137 1059 1340 1508 1935 1849 1236 1515 1354 1312 1995 1701 1791 1962 1191 1260 1731 1238 1634 1054 1511 1404 1841 1912 1136 1519 1003 1950 1080 1951 1534 1600 1531 1336 1584 1733 BCNSPRNW ULIB Ver.6.0+V

เปลี่ยนเป็นภาษาไทย

Change to English
 แสดงรายละเอียดบรรณานุกรม
  กลับหน้าหลัก

Brief Record : Get Marc (ISO 2709) : E-mail record : QR code < ปิดหน้าต่าง
LEADER : 00000nam 2200000uu 4500
001    13399114910
003     ULIB
008    120621s2554||||th 000 0 tha d
020    ^a9789740328636
060  4 ^aWT100^bป291ช
100 0  ^aประนอม โอทกานนท์
245 00 ^aชีวิตทีสุขสมบูรณ์ของผู้สูงอายุไทย^cประนอม โอทกานนท์
250    ^aพิมพ์ครั้งที่ 2
260    ^aกรุงเทพฯ:^bสำนักพิมพ์แห่งจุฬาลงกรณ์มหาวิทยาลัย,^c2554
300    ^a207 หน้า:^bตาราง,^c21 ซม
650  4 ^aผู้สูงอายุ
856    ^aเกษร
945    ^p180^l0^i032093
945    ^p180^l0^i032094
945    ^p180^l0^i032095
945    ^p180^l0^i032096
945    ^p180^l0^i032097
999    ^aใช้งานได้ทุกระบบ
รายการนี้ยังไม่มีแท็ก
คุณยังไม่ได้ล็อกอิน คุณสามารถมีกิจกรรมร่วมกับเว็บไซต์ได้ แต่ต้องล็อกอินก่อน ::
  ล็อกอิน

รายการสื่อสารสนเทศ

ลำดับที่ ประเภท เลขเรียก/บาร์โค้ด สถานที่ สถานะ
1. วิทยาศาสตร์การแพทย์ และสุขภาพ
หนังสือสำรอง
สถานะ=หนังสือสำรอง
WT100 ป291ช ฉ.1 
  Barcode: 032093
ห้องสมุดวิทยาเขตสวรรค์ประชารักษ์
►ส่วนจัดเก็บหนังสือเก่า สปร
บนชั้น
  ขอยืม
2. วิทยาศาสตร์การแพทย์ และสุขภาพ
วิทยาศาสตร์การแพทย์ และสุขภาพ
WT100 ป291ช ฉ.2 
  Barcode: 032094
ห้องสมุดวิทยาเขตสวรรค์ประชารักษ์
►ส่วนจัดเก็บหนังสือเก่า สปร
บนชั้น
  ขอยืม
3. วิทยาศาสตร์การแพทย์ และสุขภาพ
วิทยาศาสตร์การแพทย์ และสุขภาพ
WT100 ป291ช ฉ.3 
  Barcode: 032095
ห้องสมุดวิทยาเขตสวรรค์ประชารักษ์
►ส่วนจัดเก็บหนังสือเก่า สปร
บนชั้น
  ขอยืม
4. วิทยาศาสตร์การแพทย์ และสุขภาพ
วิทยาศาสตร์การแพทย์ และสุขภาพ
WT100 ป291ช ฉ.4 
  Barcode: 032096
ห้องสมุดวิทยาเขตสวรรค์ประชารักษ์
►ส่วนจัดเก็บหนังสือเก่า สปร
บนชั้น
  ขอยืม
5. วิทยาศาสตร์การแพทย์ และสุขภาพ
วิทยาศาสตร์การแพทย์ และสุขภาพ
WT100 ป291ช ฉ.5 
  Barcode: 032097
ห้องสมุดวิทยาเขตสวรรค์ประชารักษ์
►ส่วนจัดเก็บหนังสือเก่า สปร
บนชั้น
  ขอยืม

รายการใกล้เคียง
    ผู้แต่ง [ประนอม โอทกานนท์]

    หัวเรื่อง [ผู้สูงอายุ]

BibComment


ยังไม่เคยถูกคอมเมนท์

คอมเมนท์ทรัพยากรรายการนี้
  คอมเมนท์: ชีวิตทีสุขสมบูรณ..


 Copyright 2026. Bcnsprnw @Library